000 00725cam a22002413a 4500
001 20938
003 PGUSA
005 20140828083439.0
008 070329s2007||||xxu|||||s|||||000 | eng d
040 _aPGUSA
_beng
042 _adc
050 4 _aPE
100 1 _aAllardyce, Paul,
_d1855-1895
245 1 0 _a"Stops", Or How to Punctuate :
_bA Practical Handbook for Writers and Students
_h[electronic resource] /
_cPaul Allardyce
260 _bProject Gutenberg,
_c2007
506 _aPublic domain in the USA.
516 _aElectronic text
653 _aProofreading
653 _aEnglish language -- Punctuation
830 0 _aProject Gutenberg
_v20938
856 4 0 _uhttp://www.gutenberg.org/ebooks/20938
942 _cEB
999 _c250193
_d250193